El Socialismo cubano: perspectivas y desafíos /

Se analiza el proceso de profundización socialista iniciado en Cuba en 1986, el cual es una crítica política autóctona a las tendencias perjudiciales al desarrollo efectivo del socialismo en el país que se desplegaron en la en la etapa inmediata anterior de la revolución. La crítica pretende convert...

Cur síos iomlán

Sábháilte in:
Sonraí bibleagrafaíochta
Príomhchruthaitheoir: Martínez Heredia, Fernando
Formáid: Téacs
Ábhair:
Clibeanna: Cuir clib leis
Níl clibeanna ann, Bí ar an gcéad duine le clib a chur leis an taifead seo!

MARC

LEADER 00000 a a2200000 04500
001 14859
003
040
100 |a Martínez Heredia, Fernando  
245 |a El Socialismo cubano:   |b perspectivas y desafíos /  |c Fernando Martínez Heredia 
520 |a Se analiza el proceso de profundización socialista iniciado en Cuba en 1986, el cual es una crítica política autóctona a las tendencias perjudiciales al desarrollo efectivo del socialismo en el país que se desplegaron en la en la etapa inmediata anterior de la revolución. La crítica pretende convertirse en una rectificación del rumbo y de los errores concretos organizados y permanentes en el conjunto de la sociedad, de tipo socialista y con inspiración comunista. Sin embargo, el proceso de reformas coincidente en el tiempo de los países socialista europeos, convertido desde fines de 1989 en una avalancha de transformaciones radicales en la mayoría de ellos, así como las consecuencias mundiales de la situación y la política soviética actual, han afectado en la práctica a la rectificación cubana, y han tornado extraordinariamente difícil comprender la realidad y el proyecto cubano sin manejar información y criterios que les sean específicos. En detalle, se desarrolla los siguientes temas: la liberación, socialismo y democracia en Cuba   |a la economía su viabilidad y sus problemas. HB/HMBQ  
650 |a SOCIALISMO  
650 |a CONDICIONES ECONOMICAS  
650 |a ESTADO  
650 |a PUB.IIS  
773 |g número 49 -50; páginas 143-159  
999 |c 27381  |d 27381 
773 0 |0 18728  |9 3080  |a Universidad de Costa Rica  |d San José, Costa Rica Editorial UCR 1956-  |o 16875  |t Revista de Ciencias Sociales/  |x 04825276